Collector of genius : (Record no. 26249)

000 -LEADER
fixed length control field 01316cam a2200337 a 4500
001 - CONTROL NUMBER
control field 1478494
005 - DATE AND TIME OF LATEST TRANSACTION
control field 20170203125836.0
008 - FIXED-LENGTH DATA ELEMENTS--GENERAL INFORMATION
fixed length control field 870923s1988 ctua b 001 0beng
010 ## - LIBRARY OF CONGRESS CONTROL NUMBER
LC control number 87026114
020 ## - INTERNATIONAL STANDARD BOOK NUMBER
International Standard Book Number 0300041837
040 ## - CATALOGING SOURCE
Original cataloging agency DLC
Transcribing agency DLC
Modifying agency DLC
043 ## - GEOGRAPHIC AREA CODE
Geographic area code e-uk---
050 00 - LIBRARY OF CONGRESS CALL NUMBER
Classification number N1090
Item number .O94 1988
100 1# - MAIN ENTRY--PERSONAL NAME
Personal name Owen, Felicity.
245 10 - TITLE STATEMENT
Title Collector of genius :
Remainder of title a life of Sir George Beaumont /
Statement of responsibility, etc. Felicity Owen & David Blayney Brown.
260 ## - PUBLICATION, DISTRIBUTION, ETC. (IMPRINT)
Place of publication, distribution, etc. New Haven :
Name of publisher, distributor, etc. Published for the Paul Mellon Centre for Studies in British Art by Yale University Press,
Date of publication, distribution, etc. 1988.
300 ## - PHYSICAL DESCRIPTION
Extent viii, 248 p. :
Other physical details ill. ;
Dimensions 27 cm.
500 ## - GENERAL NOTE
General note Includes index.
504 ## - BIBLIOGRAPHY, ETC. NOTE
Bibliography, etc Bibliography: p. 235-236.
600 10 - SUBJECT ADDED ENTRY--PERSONAL NAME
Personal name Beaumont, George Howland,
Titles and other words associated with a name Sir,
Dates associated with a name 1753-1827.
610 20 - SUBJECT ADDED ENTRY--CORPORATE NAME
Corporate name or jurisdiction name as entry element National Gallery (Great Britain)
650 #0 - SUBJECT ADDED ENTRY--TOPICAL TERM
Topical term or geographic name as entry element Art patrons
Geographic subdivision Great Britain
General subdivision Biography.
650 #0 - SUBJECT ADDED ENTRY--TOPICAL TERM
Topical term or geographic name as entry element Nobility
Geographic subdivision Great Britain
General subdivision Biography.
700 1# - ADDED ENTRY--PERSONAL NAME
Personal name Brown, David Blayney.
710 2# - ADDED ENTRY--CORPORATE NAME
Corporate name or jurisdiction name as entry element Paul Mellon Centre for Studies in British Art.
942 ## - ADDED ENTRY ELEMENTS (KOHA)
Source of classification or shelving scheme
Koha item type Hard Covered Materials
Classification part N1090 .O94 1988
Holdings
Withdrawn status Lost status Source of classification or shelving scheme Damaged status Not for loan Home library Current library Shelving location Date acquired Source of acquisition Total Checkouts Full call number Barcode Date last seen Price effective from Koha item type
          MACHAKOS UNIVERSITY LIBRARY MACHAKOS UNIVERSITY LIBRARY Technical section 03/02/2017 Donation(BFA)   N1090 .O94 1988 34061 28/06/2018 03/02/2017 Hard Covered Materials
© Machakos University Library, Along The Highway, Machakos Wote Rd, Machakos, Kenya P.O. Box 136 - 90100 Machakos - Kenya

Tel: ( +254 ) 723 805829 OR Fax : 044-20353 OR Email: library@mksu.ac.ke